00438nam a2200145Ia 450000500170000000800410001702000180005808200220007610000590009824500490015725000130020626000360021930000140025565000230026920250421174000.0231217s9999 xx 000 0 und d a9788131727591 a001.64404 MAN;24 aMani, Subramanian. Gonsalves, Tomothy A. Usha Rani, A. 0aNetwork management : Principles and practice a2nd ed. c2010bDorling KindersleyaNoida axxvi, 695 aNetwork,management